000 00437nam a2200133Ia 4500
008 171207s9999 xx 000 0 und d
100 _aMassanari, Andrienne
245 _a#Gamergate and The Fappening: How Reddit’s algorithm, governance, and culture support toxic technocultures
245 _cAdrienne Massanari
260 _c2017
300 _apages 329–346, March 2017
440 _aNew Media & Society
_v19:3
650 _aMEDIA
999 _c347487
_d347487